Primary and secondary clarithromycin resistance in Helicobacter pylori and mathematical modeling of the role of macrolides

Elmentve itt :
Bibliográfiai részletek
Szerzők: Kocsmár Éva
Buzás György Miklós
Szirtes Ildikó
Kocsmár Ildikó
Kramer Zsófia
Szijártó Attila
Fadgyas-Freyler Petra
Szénás Kató
Rugge Massimo
Fassan Matteo
Kiss András
Schaff Zsuzsa
Röst Gergely
Lotz Gábor
Dokumentumtípus: Cikk
Megjelent: 2021
Sorozat:NATURE COMMUNICATIONS 12 No. 1
Tárgyszavak:
doi:10.1038/s41467-021-22557-7

mtmt:31970731
Online Access:http://publicatio.bibl.u-szeged.hu/29022
LEADER 01223nab a2200361 i 4500
001 publ29022
005 20231207093159.0
008 231207s2021 hu o 0|| Angol d
022 |a 2041-1723 
024 7 |a 10.1038/s41467-021-22557-7  |2 doi 
024 7 |a 31970731  |2 mtmt 
040 |a SZTE Publicatio Repozitórium  |b hun 
041 |a Angol 
100 1 |a Kocsmár Éva 
245 1 0 |a Primary and secondary clarithromycin resistance in Helicobacter pylori and mathematical modeling of the role of macrolides  |h [elektronikus dokumentum] /  |c  Kocsmár Éva 
260 |c 2021 
300 |a 12 
490 0 |a NATURE COMMUNICATIONS  |v 12 No. 1 
650 4 |a Matematika 
700 0 1 |a Buzás György Miklós  |e aut 
700 0 1 |a Szirtes Ildikó  |e aut 
700 0 1 |a Kocsmár Ildikó  |e aut 
700 0 1 |a Kramer Zsófia  |e aut 
700 0 1 |a Szijártó Attila  |e aut 
700 0 2 |a Fadgyas-Freyler Petra  |e aut 
700 0 2 |a Szénás Kató  |e aut 
700 0 2 |a Rugge Massimo  |e aut 
700 0 2 |a Fassan Matteo  |e aut 
700 0 2 |a Kiss András  |e aut 
700 0 2 |a Schaff Zsuzsa  |e aut 
700 0 2 |a Röst Gergely  |e aut 
700 0 2 |a Lotz Gábor  |e aut 
856 4 0 |u http://publicatio.bibl.u-szeged.hu/29022/1/s41467-021-22557-7.pdf  |z Dokumentum-elérés